| 000 | 00799nam a22002537a 4500 | ||
|---|---|---|---|
| 999 |
_c2180 _d2180 |
||
| 001 | 10833 | ||
| 003 | BD-DhUAP | ||
| 005 | 20200220155225.0 | ||
| 008 | 200220s2007 bg ||||| |||| 001 0 eng d | ||
| 020 | _a984300000965 | ||
| 040 |
_aBD-DhUAP _bEng _cBD-DhUAP _dBD-DhUAP |
||
| 082 |
_223 _a954.92 CUL |
||
| 245 |
_aCultural history / _cEdited by K. M. Mohsin and Sharif uddin Ahmed. |
||
| 260 |
_aDhaka : _bAsiatic Society of Bangladesh, _cc2007. |
||
| 300 |
_axxxi, 646 pages ; _c25 cm. |
||
| 490 | _aCultural survey of Bangladesh series-4. | ||
| 500 | _aIncludes index. | ||
| 650 |
_aManners and customs _zBangladesh. |
||
| 650 |
_aCultural history _zBangladesh. |
||
| 700 | _aMohsin, K. M. | ||
| 700 | _a Ahmed, Sharif uddin. | ||
| 710 | _aAsiatic Society of Bangladesh. | ||
| 942 |
_2ddc _cREF |
||